| Tag |
First Indicator |
Second Indicator |
Subfields |
| LEADER |
00000cam a2200000 a 4500 |
| 001 |
in00000015213 |
| 005 |
20151007053015.0 |
| 008 |
830806s1979 caua 00010 eng |
| 010 |
|
|
|a 79089078
|
| 020 |
|
|
|a 0918684080
|
| 035 |
|
|
|a (OCoLC)05844511
|
| 035 |
|
|
|9 AAB0028AM
|
| 040 |
|
|
|a DLC
|c DLC
|d m/c
|d OCL
|d TXA
|d UtOrBLW
|
| 043 |
|
|
|a n-us-wa
|a n-us-va
|a n-us-md
|
| 049 |
|
|
|a TXAM
|c [A11067761]
|
| 050 |
0 |
0 |
|a F195
|b .C34 1979
|
| 082 |
0 |
|
|a 917.53/0022/2
|2 19
|
| 100 |
1 |
|
|a Cameron, Robert,
|d 1943-
|
| 245 |
1 |
0 |
|a Above Washington :
|b a collection of nostalgic and contemporary aerial photographs of the District of Columbia /
|c by Robert Cameron.
|
| 264 |
|
1 |
|a San Francisco, Calif. :
|b Cameron,
|c [1979]
|
| 300 |
|
|
|a 158 pages :
|b chiefly illustrations (some color) ;
|c 29 x 36 cm.
|
| 336 |
|
|
|a text
|b txt
|2 rdacontent
|
| 337 |
|
|
|a unmediated
|b n
|2 rdamedia
|
| 338 |
|
|
|a volume
|b nc
|2 rdacarrier
|
| 651 |
|
0 |
|a Washington (D.C.)
|x Aerial photographs.
|
| 651 |
|
0 |
|a Washington Region
|x Aerial photographs.
|
| 651 |
|
0 |
|a Washington (D.C.)
|v Aerial views.
|
| 651 |
|
0 |
|a Washington Region
|x Aerial views.
|
| 999 |
|
|
|a MARS
|
| 999 |
f |
f |
|s cc116576-227a-3645-9e74-81fb430301b6
|i 890ccb13-4afe-35fd-92da-073ba2459ca9
|t 0
|
| 952 |
f |
f |
|p ric
|a Texas A&M University
|b Rellis Campus
|c Joint Library Facility
|d Remote Storage
|t 0
|e F195 .C34 1979
|f Oversize
|h Library of Congress classification
|i unmediated -- volume
|m A14831033449
|
| 998 |
f |
f |
|a F195 .C34 1979
|t 0
|l Remote Storage
|